Statistiques concernant Capitales du monde en une minute

Cliquez ici pour prendre le quiz!

Statistiques générales

  • Ce quiz a été pris 7,689 fois
  • Le résultat moyen est 18 sur 196

Statistiques - réponses

Pays Capitale % Correct
FranceParis
90%
AllemagneBerlin
81%
EspagneMadrid
69%
BelgiqueBruxelles
56%
ItalieRome
55%
Royaume-UniLondres
55%
AutricheVienne
46%
IrlandeDublin
38%
Etats-UnisWashington
38%
ChinePékin
37%
PortugalLisbonne
37%
AlbanieTirana
37%
JaponTokyo
34%
RussieMoscou
32%
GrèceAthènes
31%
BulgarieSofia
30%
BrésilBrasilia
30%
NorvègeOslo
29%
BiélorussieMinsk
28%
AndorreAndorre-la-Vieille
28%
CroatieZagreb
27%
FinlandeHelsinki
25%
DanemarkCopenhague
25%
CanadaOttawa
23%
EstonieTallinn
23%
HongrieBudapest
22%
LettonieRiga
22%
SuisseBerne
21%
PérouLima
21%
Bosnie-
Herzégovine
Sarajevo
20%
ArgentineBuenos Aires
20%
AlgérieAlger
19%
LuxembourgLuxembourg
18%
MexiqueMexico
18%
Pays-BasAmsterdam
17%
RoumanieBucarest
16%
Corée du SudSéoul
16%
MonacoMonaco
15%
TunisieTunis
15%
AustralieCanberra
15%
BolivieLa Paz ou Sucre
15%
AfghanistanKaboul
14%
UkraineKiev
14%
LituanieVilnius
14%
PologneVarsovie
12%
ChiliSantiago
12%
SuèdeStockholm
12%
MarocRabat
12%
République
tchèque
Prague
12%
IslandeReykjavik
11%
ÉgypteLe Caire
11%
VaticanVatican
11%
ÉquateurQuito
11%
LiechtensteinVaduz
10%
ColombieBogotá
10%
Arabie SaouditeRiyad
10%
Afrique du SudPretoria,
Le Cap ou,
Bloemfontein
9%
ArménieErevan
9%
MalteLa Valette
8%
AzerbaïdjanBakou
8%
BangladeshDacca
8%
IndeNew Delhi
8%
TurquieAnkara
8%
SerbieBelgrade
7%
KosovoPristina
7%
VenezuelaCaracas
7%
UruguayMontevideo
7%
TogoLomé
7%
Timor orientalDili
6%
QatarDoha
6%
ParaguayAsunción
5%
Macédoine
du Nord
Skopje
5%
Nouvelle-ZélandeWellington
5%
SénégalDakar
5%
ChypreNicosie
5%
IndonésieJakarta
5%
IranTéhéran
5%
GhanaAccra
4%
Viêt NamHanoï
4%
CubaLa Havane
4%
BahreïnManama
4%
SlovaquieBratislava
4%
ThaïlandeBangkok
4%
IrakBagdad
4%
Corée du NordPyongyang
4%
SyrieDamas
4%
Saint-MarinSaint-Marin
4%
Émirats arabes unisAbou Dabi
3%
SingapourSingapour
3%
MonténégroPodgorica
3%
PhilippinesManille
3%
MoldavieChișinău
3%
SlovénieLjubljana
3%
SamoaApia
3%
MaldivesMalé
3%
PanamaPanama
3%
YémenSanaa
3%
LibyeTripoli
3%
IsraëlJérusalem
3%
BruneiBandar Seri
Begawan
3%
KazakhstanNoursoultan
3%
JordanieAmman
3%
FidjiSuva
3%
CambodgePhnom Penh
2%
Cap-VertPraia
2%
PakistanIslamabad
2%
OmanMascate
2%
TaïwanTaipei
2%
GuyanaGeorgetown
2%
Rép dém
du Congo
Kinshasa
2%
SurinameParamaribo
2%
Saint-Vincent-et-
les-Grenadines
Kingstown
2%
NauruYaren
2%
GuatemalaGuatemala
2%
CamerounYaoundé
2%
ÉrythréeAsmara
2%
NigeriaAbuja
2%
JamaïqueKingston
2%
MongolieOulan-Bator
2%
LibanBeyrouth
2%
LaosVientiane
2%
Rép du CongoBrazzaville
2%
AngolaLuanda
2%
Costa RicaSan José
2%
KoweïtKoweït
2%
MaliBamako
2%
GéorgieTbilissi
2%
BéninPorto-Novo
2%
DjiboutiDjibouti
2%
KenyaNairobi
2%
BhoutanThimphou
2%
République
centrafricaine
Bangui
1%
TchadNdjamena
1%
EswatiniMbabane
1%
Soudan du SudDjouba
1%
SoudanKhartoum
1%
Sainte-LucieCastries
1%
Sri LankaSri
Jayawardenepura
Kotte
1%
LiberiaMonrovia
1%
TadjikistanDouchanbé
1%
BotswanaGaborone
1%
ZambieLusaka
1%
Antigua-et-
Barbuda
Saint John's
1%
BahamasNassau
1%
VanuatuPort-Vila
1%
OuzbékistanTachkent
1%
BelizeBelmopan
1%
TuvaluFunafuti
1%
TanzanieDodoma
1%
TurkménistanAchgabat
1%
Burkina FasoOuagadougou
1%
BirmanieNaypyidaw
1%
Trinité-et-TobagoPort-d'Espagne
1%
TongaNukuʻalofa
1%
BurundiGitega
1%
ComoresMoroni
1%
ZimbabweHarare
1%
SomalieMogadiscio
1%
MicronésiePalikir
1%
NigerNiamey
1%
NicaraguaManagua
1%
HaïtiPort-au-Prince
1%
HondurasTegucigalpa
1%
NépalKatmandou
1%
MozambiqueMaputo
1%
Île MauricePort-Louis
1%
PalaosNgerulmud
1%
MauritanieNouakchott
1%
Îles MarshallMajuro
1%
KiribatiTarawa
1%
MalaisieKuala Lumpur
1%
MadagascarAntananarivo
1%
KirghizistanBichkek
1%
SalomonHoniara
1%
Guinée-BissauBissau
1%
GuinéeConakry
1%
Papouasie-
Nouvelle-
Guinée
Port Moresby
1%
Côte d'IvoireYamoussoukro
1%
Sierra LeoneFreetown
1%
SeychellesVictoria
1%
DominiqueRoseau
1%
LesothoMaseru
1%
Sao Tomé-et-
Principe
Sao Tomé
1%
SalvadorSan Salvador
1%
Guinée
équatoriale
Malabo
1%
RwandaKigali
1%
ÉthiopieAddis-Abeba
1%
GabonLibreville
1%
GambieBanjul
1%
GrenadeSaint George's
1%
NamibieWindhoek
0%
OugandaKampala
0%
Saint-Christophe-
et-Niévès
Basseterre
0%
BarbadeBridgetown
0%
MalawiLilongwe
0%
République
dominicaine
Saint-Domingue
0%

Distribution des résultats

Percentile by Number Answered

% des personnes avec chaque résultat

Votre développement - résultats

Vous n’avez pas pris ce quiz